ՀՀ Գիտությունների ազգային ակադեմիայի հիմնարար գիտական գրադարան  =   Fundamental Scientific Library of NAS RA

Магнетизм и условия образования изверженных горных пород / (Record no. 37233)

MARC details
000 -LEADER
fixed length control field 00777nam a2200205 a 4500
001 - CONTROL NUMBER
control field 000113694
003 - CONTROL NUMBER IDENTIFIER
control field AM-YEHGA
005 - DATE AND TIME OF LATEST TRANSACTION
control field 20250617122431.0
008 - FIXED-LENGTH DATA ELEMENTS--GENERAL INFORMATION
fixed length control field 981022s1975 ||||||||||||||||||||rus d
040 ## - CATALOGING SOURCE
Original cataloging agency AM-YeHGA
090 ## - LOCALLY ASSIGNED LC-TYPE CALL NUMBER (OCLC); LOCAL CALL NUMBER (RLIN)
-- 37797
245 00 - TITLE STATEMENT
Title Магнетизм и условия образования изверженных горных пород /
Statement of responsibility, etc. Д.М. Печерский, В.И. Багин, С.Ю. Бродская, З.В. Шаронова ; Отв. ред. Г.Н. Петрова.
260 ## - PUBLICATION, DISTRIBUTION, ETC.
Place of publication, distribution, etc. Москва :
Name of publisher, distributor, etc. Наука,
Date of publication, distribution, etc. 1975.
300 ## - PHYSICAL DESCRIPTION
Extent 288 с.
700 1# - ADDED ENTRY--PERSONAL NAME
Personal name Печерский, Д.М.
700 1# - ADDED ENTRY--PERSONAL NAME
Personal name Багин, В.И.
700 1# - ADDED ENTRY--PERSONAL NAME
Personal name Бродская, С.Ю.
700 1# - ADDED ENTRY--PERSONAL NAME
Personal name Шаронова, З.В.
700 1# - ADDED ENTRY--PERSONAL NAME
Personal name Петрова, Г.Н.
Relator term ред.
Relationship edt
Holdings
Withdrawn status Lost status Source of classification or shelving scheme Damaged status Not for loan Collection Home library Current library Date acquired Total checkouts Full call number Barcode Date last seen Price effective from Koha item type Public note
    Universal Decimal Classification     General Fundamental Scientific Library Fundamental Scientific Library 21/12/2016   PII/355898 FL0314232 21/12/2016 21/12/2016 Գրքեր / Books 30 Days Loan
    Universal Decimal Classification     General Fundamental Scientific Library Fundamental Scientific Library 21/12/2016   PII/367841 FL0335039 21/12/2016 21/12/2016 Գրքեր / Books 30 Days Loan


ՀՀ ԳԱԱ հիմնարար գիտական գրադարան
ՀՀ,Երևան 0019
Մարշալ Բաղրամյան 24/6
հեռախոս:(374-10) 52-47-50
Հետադարձ կապ

All site content, except where otherwise noted, is licensed under a
Creative Commons License